000 00704cam a22002053a 4500
001 45900
003 PGUSA
005 20140828084053.0
008 140606s2014||||xxu|||||s|||||000 | eng d
040 _aPGUSA
_beng
042 _adc
100 1 _aPersonnel, U.S. Bureau of Naval
245 1 0 _aRecord of Medals of Honor issued to the officers and enlisted men of the United States Navy, Marine Corps and Coast Guard, 1862-1923
_h[electronic resource] /
_cU.S. Bureau of Naval Personnel
260 _bProject Gutenberg,
_c2014
506 _aPublic domain in the USA.
516 _aElectronic text
830 0 _aProject Gutenberg
_v45900
856 4 0 _uhttp://www.gutenberg.org/ebooks/45900
942 _cEB
999 _c275150
_d275150